Capital accumulation, private property, and rising inequality in China, 1978-2015 (Record no. 511667)

000 -LEADER
fixed length control field 00526nam a22001577a 4500
008 - FIXED-LENGTH DATA ELEMENTS--GENERAL INFORMATION
fixed length control field 191003b ||||| |||| 00| 0 eng d
100 ## - MAIN ENTRY--PERSONAL NAME
Personal name Piketty, Thomas
245 ## - TITLE STATEMENT
Title Capital accumulation, private property, and rising inequality in China, 1978-2015
260 ## - PUBLICATION, DISTRIBUTION, ETC. (IMPRINT)
Name of publisher, distributor, etc American Economic Review
300 ## - PHYSICAL DESCRIPTION
Extent 109(7), Jul, 2019: p.2469-2496.
650 ## - SUBJECT ADDED ENTRY--TOPICAL TERM
Topical term or geographic name as entry element Inequality - China
9 (RLIN) 11775
700 ## - ADDED ENTRY--PERSONAL NAME
Personal name Zucman, Gabriel
9 (RLIN) 11776
773 ## - HOST ITEM ENTRY
Main entry heading American Economic Review
906 ## - LOCAL DATA ELEMENT F, LDF (RLIN)
Subject DIP Income distribution - China
942 ## - ADDED ENTRY ELEMENTS (KOHA)
Source of classification or shelving scheme
Item type Articles
Holdings
Withdrawn status Lost status Source of classification or shelving scheme Damaged status Not for loan Permanent location Current location Date acquired Serial Enumeration / chronology Barcode Date last seen Koha item type
          Indian Institute of Public Administration Indian Institute of Public Administration 2019-10-03 109(7), Jul, 2019: p.2469-2496. AR121200 2019-10-03 Articles

Powered by Koha